[Event "EU-ch 4th"]
[Site "Istanbul"]
[Date "2003.06.12"]
[Round "12"]
[White "Moiseenko, Alexander"]
[Black "Sargissian, Gabriel"]
[Result "1-0"]
[WhiteElo "2627"]
[BlackElo "2572"]
[Annotator "Dautov,R"]
[PlyCount "135"]
[EventDate "2003.05.30"]
[EventType "swiss"]
[EventRounds "13"]
[EventCountry "TUR"]
[SourceTitle "CBM 096"]
[Source "ChessBase"]
[SourceDate "2003.09.25"]
[SourceVersion "1"]
[SourceVersionDate "2003.09.25"]
[SourceQuality "1"]

1. d4 d5 2. c4 e6 3. Nf3 Nf6 4. Nc3 Be7 5. Bg5 h6 6. Bh4 O-O 7. e3 b6 8. Bd3
Bb7 9. O-O Nbd7 10. Bg3 c5 11. Qe2 Ne4 12. cxd5 exd5 13. Rad1 Nxg3 {Eine gute
Alternative zum Textzug ist 13...Qc8.} (13... cxd4 $6 14. Bxe4 $1 dxe4 15. Nxd4
Qc8 16. Nf5 $16 {Belov,I-Donev,I /Pravec/1989/}) (13... Qc8 $5 14. Bb1 Ndf6 15.
Qc2 Re8 16. Be5 Qe6 17. dxc5 bxc5 $11 {Lautier,J-Short,N/Pamplona 2000}) 14.
hxg3 Nf6 (14... Bf6 15. Bb1 Re8 16. Rd2 a6 17. Rc1 Rc8 18. Qd1 c4 19. Nh2 g6
$14 {Vyzmanavin,A-Pigusov,E /Moscow/1987/}) 15. dxc5 bxc5 16. e4 $5 $146 {
Eine interessante Neuerung. Weiß überläßt dem Gegner einen gedeckten
Freibauern auf d4 und setzt auf Königsangriff. Zum gleichen Spiel führt 16.Ba6.
} (16. Ba6 Qb6 17. Bxb7 Qxb7 18. Rd2 (18. Ne5 $5) 18... Rfd8 19. Rfd1 Rd6 20.
Ne1 Rad8 21. Nd3 Ne4 $1 $10 {Vyzmanavin-Kolev/Elenite 1993}) 16... d4 17. e5
Ne8 {Sargissian weicht dem Kampf nicht aus.} (17... Nd7 18. e6 Nb6 19. exf7+
Rxf7 20. Ne5 $36) ({Würde Schwarz nur ein Remis wollen, dann käme 17...dxc3!?
in Frage.} 17... dxc3 $5 18. exf6 Bxf6 19. Bh7+ Kxh7 20. Rxd8 Rfxd8 21. bxc3
Bd5 $14 {Es ist schier unmöglich, diese Stellung mit Weiß zu gewinnen.}) 18.
Ne4 Bd5 $6 (18... Nc7 19. Nfd2 Ne6 20. Nc4 Bd5 21. f4 $14) (18... Qa5 $5 19. b3
$13) 19. Nfd2 $1 {[%mdl 512] Erneut ein energischer Zug, Moiseenko opfert den
Bauern b2 für die schnelle Entwicklung seines Königsangriffs.} (19. b3 a5 $132)
19... Qb8 20. f4 Qxb2 21. Rb1 Qa3 (21... Qxa2 $2 22. Ra1 Qb2 23. Rfb1 $18) 22.
f5 {Es ist offensichtlich, daß Weiß über eine großartige Kompensation verfügt.
Es droht bereits 23.f5-f6.} Bg5 (22... f6 23. Bc4 Bxc4 24. Qxc4+ Kh8 25. Rb7
Bd8 26. Rf3 Qa5 27. Rb5 $16) 23. Nxg5 hxg5 24. Ne4 $5 (24. Nc4 $5 Bxc4 (24...
Qa4 25. f6 $44) 25. Bxc4 $44) 24... c4 $2 {Mit einem "Doppelfehler" (dieser
und der nächster Zug) verliert Schwarz die Partie. Besser war 24...Qxa2.} (
24... Qxa2 $1 25. Rb2 (25. Qxa2 $2 Bxa2 26. Ra1 c4 $15) 25... Qa3 26. Nxg5 f6
$13 27. Ne6 Rf7 28. Nf4 c4) 25. Nxg5 $1 f6 $2 {Nur mit 25...g6! ließ es sich
weiter kämpfen.} (25... Qa6 26. f6 $16) (25... g6 $1 26. Qg4 (26. Be4 Bxe4 27.
Qxe4 Qe3+ 28. Qxe3 dxe3 29. f6 $14) 26... Ng7 27. Rbd1 $1 cxd3 28. Qh3 Nh5 29.
fxg6 $40) 26. Bxc4 $16 Qc5 27. Bd3 fxe5 (27... fxg5 28. Rb5 Qc6 29. Rxd5 $18)
28. Rb5 Qe7 29. Rxd5 Qxg5 30. Qxe5 Nf6 31. Rxd4 $18 Ng4 32. Qf4 Qxf4 33. Rfxf4
Ne5 34. Be4 Rad8 35. Bd5+ Nf7 36. Be6 Rfe8 37. Rxd8 Rxd8 38. Ra4 Kf8 39. Rxa7
Rd1+ 40. Kf2 Ng5 41. Bb3 Rd3 42. g4 Rc3 43. Bd5 Rd3 44. Bf3 Nf7 45. Kg3 Rd4 46.
a4 Ne5 47. a5 Ra4 48. a6 g5 49. f6 Ra3 50. Re7 Nxf3 51. gxf3 Rxa6 52. Re5 Kf7
53. Rxg5 Kxf6 54. Rb5 Ra3 55. g5+ Kg6 56. Kg4 Ra1 57. Rb6+ Kg7 58. f4 Ra4 59.
Re6 Kf7 60. Rf6+ Kg7 61. Kh5 Rb4 62. Rf5 Ra4 63. g6 Ra1 64. Rf7+ Kg8 65. Rb7
Rg1 66. f5 Rg2 67. Kh6 Kf8 68. g7+ 1-0

[Event "American Continental 2nd"]
[Site "Buenos Aires"]
[Date "2003.08.28"]
[Round "10"]
[White "Franco Ocampos, Zenon"]
[Black "Onischuk, Alexander"]
[Result "0-1"]
[WhiteElo "2520"]
[BlackElo "2657"]
[Annotator "Dautov,R"]
[PlyCount "138"]
[EventDate "2003.08.17"]
[EventType "swiss"]
[EventRounds "11"]
[EventCountry "ARG"]
[SourceTitle "CBM 097"]
[Source "ChessBase"]
[SourceDate "2003.11.11"]
[SourceVersion "1"]
[SourceVersionDate "2003.11.11"]
[SourceQuality "1"]

1. c4 Nf6 2. Nf3 e6 3. d4 d5 4. Nc3 Be7 5. Bg5 h6 6. Bh4 O-O 7. e3 b6 8. Be2
Bb7 9. Bxf6 Bxf6 10. cxd5 exd5 11. b4 c6 12. O-O Qe7 {Onischuk weicht der
theoretischen Diskussion in der Hauptvariante 12...a5 aus und wählt einen
seltenen Aufbau mit Qe7 und Rfd8.} 13. Qb3 Rd8 14. Rad1 $6 $146 {Dieser Zug
ist ungenau. Beinahe jeder andere Turmzug war sinnvoller.} (14. Rab1 Na6 15. a4
Nc7 16. Rfc1 Ne6 17. Qd1 Rac8 18. h3 g6 19. a5 bxa5 20. bxa5 c5 $11 {Kowala,
M-Kujawa,J/Augustow 1996}) (14. Rfe1 $5 Nd7 $6 15. b5 c5 16. Nxd5 Bxd5 17. Qxd5
Ne5 18. Qb3 Nxf3+ 19. Bxf3 $16 {Lutz,C-Stefansson,H/Budapest 1991}) (14. Rac1)
14... Na6 {Schwarz will seinen Springer nach e6 führen, muß aber dabei mit dem
Vorstoß b4-b5 rechnen.} (14... Nd7 15. b5 $14) 15. b5 (15. a3 $6 Nc7 $11) 15...
cxb5 16. Bxb5 {Natürlicher scheint 16.Nxb5, aber Weiß befürchtete wohl das
Manöver Nb4-c6-a5.} (16. Nxb5 Nb4 $1 17. Rc1 Nc6 $11 {/\Na5}) 16... Qb4 $1 $11
{Eine originelle und starke Entscheidung.Schwarz hofft, daß das Läuferpaar
seine Kraft im Endspiel entfalten wird.} 17. Rb1 Qxb3 18. Rxb3 Rac8 19. Rc1 Be7
20. Kf1 Nb4 21. Ke1 a6 22. a3 $1 {Gut gespielt! Weiß tauscht den aktiven
gegnerischen Springer.} (22. Be2 $6 b5 $15 {[%cal Rb4c6,Rc6a5,Ra5c4] /
\Nc6-a5-c4}) 22... axb5 (22... Nc6 $6 23. Bxc6 Rxc6 24. Ne5 $14) 23. axb4 f6 (
23... Rc4 $5 24. Ne5 Rxb4 25. Rcb1 Rxb3 26. Rxb3 b4 27. Na2 Ra8 28. Nxb4 $11)
24. Kd2 $2 {Durch diesen Fehler erlaubt Weiß die Aktivierung des schwarzen
Turmes. Richtig war 24.Rcb1!} (24. Rcb1 $1 {><b5} Bc6 (24... Bxb4 $2 25. Rxb4
Rxc3 26. Rxb5 $16) (24... Ba6 25. Ra3 $16) 25. Kd2 Be8 26. Ne1 Rc4 27. Nc2 Bg6
28. R1b2 $14 {/\Na3}) 24... Rc4 25. Rcb1 Bc6 $11 26. Ne1 (26. Kd1 $5 {/\Nd2}
Bxb4 $1 27. Nxd5 (27. Nxb5 Bxb5 28. Rxb4 Ba4+ 29. Ke1 b5 $15) 27... Rxd5 28.
Rxb4 Rh5 $11) 26... Ra8 27. Nd3 $2 {Keine glückliche Idee. Der Springer steht
schön, aber passiv auf d3. Vorzuziehen war das aktive Manöver Ne1-c2-a3.} (27.
Nc2 $1 Kf7 28. Na3 Rxb4 29. Naxb5 Rxb3 30. Rxb3 $11) 27... g5 28. R3b2 {
Der Weiße setzt auf Festigkeit seiner Stellung und entscheidet sich für das
passive Warten. Diese Taktik ist nur selten zu empfehlen!} Kf7 29. Rb3 Ke6 30.
Rh1 Be8 31. Rhb1 h5 32. h4 Bd6 33. g3 Ra7 34. R1b2 Ra8 35. Rb1 Ra7 36. R1b2
gxh4 $1 {Den günstigen Moment gefunden, öffnet Onischuk die g-Linie und greift
die Schwäche h4 an.} 37. gxh4 Rg7 $15 38. Rb1 Rg2 39. Ne2 (39. Rh1 Bg6 $15)
39... Rh2 40. Rg1 Rxh4 41. Ndf4+ Bxf4 42. Nxf4+ Rxf4 $1 {Dieses Qualitätsopfer
gewährt Schwarz ausgezeichnete Gewinnchancen.} 43. exf4 Rxd4+ $17 44. Rd3 Rxb4
45. Re1+ Re4 46. Rxe4+ dxe4 47. Rd8 Ke7 48. Rb8 h4 49. Rxb6 h3 50. Rb7+ Bd7 51.
Rb8 Kf7 52. Rh8 Kg7 53. Rh4 b4 54. Kc2 Be6 55. Kb2 Kf7 56. Rh5 Bg4 57. Rh4 Be6
58. Rh5 Kg6 59. Rh4 Kf5 60. Rxh3 Kxf4 61. Rh6 Ke5 62. Rh8 f5 63. Rb8 b3 64. Kc3
f4 65. Rf8 f3 66. Rh8 $2 {Verliert sofort, während 66.Kd2! remis halten sollte.
} (66. Kd2 $1 Kd4 67. Rd8+ Bd5 68. Rc8 $17) 66... e3 $19 67. fxe3 f2 68. Rh1
Ke4 69. Kd2 Kf3 0-1

[Event "EU-chT (Men) 14th"]
[Site "Plovdiv"]
[Date "2003.10.20"]
[Round "9.1"]
[White "David, Alberto"]
[Black "Atalik, Suat"]
[Result "1-0"]
[WhiteElo "2560"]
[BlackElo "2570"]
[Annotator "Dautov,R"]
[PlyCount "79"]
[EventDate "2003.10.10"]
[EventType "team-swiss"]
[EventRounds "9"]
[EventCountry "BUL"]
[SourceTitle "CBM 098"]
[Source "ChessBase"]
[SourceDate "2004.02.03"]
[SourceVersion "1"]
[SourceVersionDate "2004.02.03"]
[SourceQuality "1"]
[WhiteTeam "Luxembourg"]
[BlackTeam "Bosnia&Herzegovina"]
[WhiteTeamCountry "LUX"]
[BlackTeamCountry "BIH"]

1. d4 d5 2. c4 e6 3. Nc3 Be7 4. Nf3 Nf6 5. Bg5 h6 6. Bh4 O-O 7. e3 b6 8. Be2
Bb7 9. Bxf6 Bxf6 10. cxd5 exd5 11. b4 c6 12. O-O a5 13. bxa5 {Also keine
theoretische Diskussion über die Stellung nach 13.b5, A. David wählt
stattdessen eine alte Fortsetzung.} (13. b5 c5 14. Ne5 $1) 13... Rxa5 14. Qb3
Nd7 {Der Hauptgrund dafür, dass 13.bxa5 aus der Mode kam, ist die
Läuferüberführung 14...Bc8!} (14... Bc8 $1 15. a4 (15. Rab1 Bf5 16. Rb2 Nd7 $11
) 15... Be6 16. Rfd1 Nd7 17. h3 Qe7 18. Rab1 Rc8 19. Bd3 g6 $11 {Khalifman,
A-Jussupow,A/Ter Apel 1997}) 15. Rfe1 Re8 16. a4 Ba6 17. Bxa6 Rxa6 18. Rac1 (
18. e4 dxe4 19. Nxe4 Re6 20. Ra2 {Lputian,S-Petrosian,A/Armenia 1995} Ra8 $11)
18... Qa8 (18... Re6 $5 19. e4 dxe4 20. Rxe4 Nf8 21. Ne5 Ra7 22. f4 Rd6 23. Qc4
Bxe5 24. fxe5 Rg6 $11 {Morovic Fernandez,I-Lputian,S/Poikovsky 2001}) 19. h3
Nf8 {Vorsichtiger und besser war das prophylaktische 19...Re6, um den Vorstoß
e3-e4 zu entkräften.} (19... Re6 $1 20. e4 dxe4 21. Nxe4 Rxa4 22. Nxf6+ Rxf6
23. Re7 Ra3 $15) 20. e4 dxe4 21. Nxe4 Re6 22. Nxf6+ Rxf6 23. Re7 (23. Ne5 $5
Rxa4 24. Qxb6 Ra2 $132) 23... Ng6 (23... Ne6 $1 24. Rd1 Ra7 25. Rxa7 Qxa7 26.
Rb1 Rf4 $11) 24. Rc7 Nf4 $4 {[%mdl 64] Atalik übersieht einen taktischen Trick.
24...Rxa4 hielt das Gleichgewicht.} (24... Rxa4 25. Qxb6 Ra1 (25... Ra6 26. Qb1
$14) 26. Rxa1 (26. Rc8+ Qxc8 27. Rxa1 Nf4 $11) 26... Qxa1+ 27. Kh2 Rxf3 $1 28.
gxf3 Qf1 $11) 25. R1xc6 $1 Qxc6 26. Rxc6 Rxc6 27. Qe3 $16 {Die aktive weiße
Dame gewinnt einen weiteren Bauern.} Rf6 28. Qe8+ Kh7 29. Ne5 Ng6 (29... Ne2+
30. Kh2 Nxd4 (30... Rxf2 31. Ng4 $18) 31. Nd7 $18) 30. Nxf7 b5 $2 {Der
entscheidende Fehler. Es gab keinen Grund, den dritten Bauern abzugeben. Gute
Rettungschancen versprach 30...Ra5!} (30... Ra5 $1 31. Ne5 (31. h4 Rf4 $16)
31... Nxe5 32. dxe5 Rf5 33. e6 Rae5 34. Qc6 Re1+ 35. Kh2 Rxf2 36. Qxb6 Rfe2 37.
a5 Rxe6 $16) 31. Qxb5 $18 Rab6 32. Qd5 Rb1+ 33. Kh2 Re1 (33... Rxf2 34. Ne5
Rbb2 35. Qe4 Rxg2+ 36. Qxg2 Rxg2+ 37. Kxg2 $18) 34. Ne5 Nh4 35. Qa2 Rf1 36.
Qc2+ Kh8 37. Qc8+ Kh7 38. Qc2+ Kh8 39. Qe4 Nf5 40. Nd7 1-0

[Event "EU-chT (Men) 14th"]
[Site "Plovdiv"]
[Date "2003.10.14"]
[Round "4.1"]
[White "Van Wely, Loek"]
[Black "Georgiev, Kiril"]
[Result "1/2-1/2"]
[WhiteElo "2654"]
[BlackElo "2651"]
[Annotator "Dautov,R"]
[PlyCount "80"]
[EventDate "2003.10.10"]
[EventType "team-swiss"]
[EventRounds "9"]
[EventCountry "BUL"]
[SourceTitle "CBM 098"]
[Source "ChessBase"]
[SourceDate "2004.02.03"]
[SourceVersion "1"]
[SourceVersionDate "2004.02.03"]
[SourceQuality "1"]
[WhiteTeam "Netherlands"]
[BlackTeam "Macedonia"]
[WhiteTeamCountry "NED"]
[BlackTeamCountry "MKD"]

1. d4 Nf6 2. c4 e6 3. Nf3 d5 4. Nc3 Be7 5. Bg5 h6 6. Bh4 O-O 7. e3 b6 8. Rc1
Bb7 9. Bxf6 Bxf6 10. cxd5 exd5 11. b4 c6 12. Bd3 a5 {Möglicherweise ist hier
die Entwicklungsmethode mit 12...Be7, 13...Qd6 die beste.} (12... Nd7 13. O-O
a5 14. b5 c5 15. Bf5 $1 cxd4 16. Nxd4 Nc5 17. g3 g6 18. Bh3 Qd6 19. Re1 h5 $6
20. Re2 Rad8 21. Rd2 $14 {Van Wely,L-Bologan,V/Enghien les Bains 2001}) (12...
Be7 13. Qb3 Qd6 14. Rb1 Nd7 15. O-O f5 16. Rfd1 Rad8 17. a4 Kh8 18. Bf1 g5 19.
b5 c5 20. dxc5 Nxc5 21. Qa2 Bf6 22. Ne2 Ne4 $11 {Hansen,C-Short,N/Skanderborg
2003}) 13. b5 c5 14. O-O Re8 {Wehrt 15.Ne5 ab, erlaubt aber das folgende
starke Läufermanöver.} (14... g6 15. dxc5 $6 (15. Ne5 $1 Bxe5 16. dxe5 $14)
15... bxc5 16. Na4 c4 17. Bc2 Nd7 18. Qd2 Qc7 19. Nc3 Nb6 $11 {Zubarev,
A-Malakhatko,V/Ordzhonikidze 2001}) (14... Nd7 15. Bf5 $1 {-siehe 12...Nd7.})
15. Bf5 $1 g6 16. Bh3 Ra7 17. Re1 $1 {Die Turmüberführung auf d2 verstärkt den
Druck auf der d-Linie.} Ba8 18. Re2 Rae7 19. Rd2 c4 {Der einzige Zug.} 20. Ne5
$1 {Dieses provisorische Baueropfer öffnet die d-Linie.} (20. g3 Qd6 21. Bg2
Nd7 $11) 20... Bxe5 21. dxe5 Rxe5 22. g3 $6 {Im weiteren Partieverlauf wird
sich die Schäche des Feldes f3 bemerkbar machen, deswegen war 22.Bg4! nebst 23.
Bf3 die richtige Methode, den Bauern d5 zu kassieren.} (22. e4 $2 Qg5 $17) (22.
Bg4 $1 Nd7 23. Be2 $1 $14 Qf6 24. Nxd5 Bxd5 25. Rxd5 Rxd5 26. Qxd5 Ne5 27. Rd1
Rc8 28. f4 $16) 22... Nd7 23. Nxd5 (23. Bf1 $5 Qf6 24. Nxd5 Bxd5 25. Rxd5 Rxd5
26. Qxd5 Ne5 $11 27. Bxc4 $2 Rc8 $15) 23... Nf6 $2 {Es gab keinen Grund, den
Bauern c4 kampflos abzugeben. Nach dem Tausch auf d5 sollte das Gegenspiel von
Schwarz zum Ausgleich genügen.} (23... Bxd5 $1 24. Rxd5 Rxd5 25. Qxd5 Ne5 26.
Bg2 (26. Qxd8 Rxd8 27. f4 Nf3+ 28. Kf2 Nxh2 $11) 26... Qf6 $11 (26... Qxd5 27.
Bxd5 $14)) 24. Nxf6+ Qxf6 25. Rxc4 $16 {Nun hat Weiß einen gesunden Mehrbauern.
} Bf3 (25... Rxb5 $4 26. Bd7 $18) 26. Qc1 $6 ({Besser war} 26. Qa1 $1 $16)
26... Be4 27. Bd7 Rc5 $1 {/\Qf3} 28. f4 $2 {Dies erlaubt Schwarz eine schöne
taktische Rettung, während 28.Rdd4 den Vorteil festhielt.} (28. Rdd4 $1 Ree5 (
28... Qf3 $2 29. Rxe4 Rxe4 30. Rxc5 bxc5 31. Bc6 $18) 29. f4 Rxc4 30. Rxc4 $16)
28... Rxc4 29. Qxc4 Qa1+ 30. Kf2 Qh1 $3 $11 {[%mdl 64]} 31. Bxe8 Qxh2+ 32. Ke1
Qg1+ 33. Qf1 Qxe3+ {Weiß kann das Dauerschach nicht vermeiden.} 34. Re2 (34.
Kd1 Bf3+ 35. Kc2 Be4+ 36. Kc1 Qc3+ 37. Kd1 Bf3+ 38. Ke1 Qc1+ 39. Kf2 Qxd2+ 40.
Kxf3 Qd5+ 41. Kf2 Qd4+ $11) 34... Qc3+ 35. Rd2 Qc1+ 36. Ke2 Qc4+ 37. Ke1 Qc1+
38. Rd1 Qe3+ 39. Qe2 Qg1+ 40. Kd2 Qd4+ 1/2-1/2

[Event "Bundesliga 0102"]
[Site "Germany"]
[Date "2001.11.24"]
[Round "3.7"]
[White "Hansen, Curt"]
[Black "Chandler, Murray G"]
[Result "1-0"]
[WhiteElo "2626"]
[BlackElo "2540"]
[Annotator "Dautov,R"]
[PlyCount "131"]
[EventDate "2001.10.06"]
[EventType "team-tourn"]
[EventRounds "15"]
[EventCountry "GER"]
[SourceTitle "CBM 087"]
[Source "ChessBase"]
[SourceDate "2002.03.21"]
[SourceVersion "1"]
[SourceVersionDate "2002.03.21"]
[SourceQuality "1"]
[WhiteTeam "Porz"]
[BlackTeam "Solingen"]
[WhiteTeamCountry "GER"]
[BlackTeamCountry "GER"]

1. d4 Nf6 2. c4 e6 3. Nf3 d5 4. Nc3 Be7 5. Bg5 h6 6. Bh4 O-O 7. e3 b6 8. Rc1
Bb7 9. Bxf6 Bxf6 10. cxd5 exd5 11. b4 c5 {Dieser scharfe Zug bietet Weiß
einige vielversprechende Möglichkeiten. Sicherer ist der Aufbau mit c6 und a5.}
12. bxc5 bxc5 13. Bb5 ({Auch nach} 13. dxc5 Nd7 14. Nb5 {kann Weiß auf etwas
Eröffnungvorteil hoffen:} Rc8 15. Be2 Nxc5 16. O-O a6 17. Nbd4 g6 $6 (17... Qa5
$142) 18. Qd2 $14 Qe7 19. Qa5 Rfe8 20. Rb1 $1 Kg7 21. Rb6 $14 {Akopian,V-Short,
N/Linares 1995}) 13... c4 {Dieser Zug ist zwar spielbar, strategisch gesehen
jedoch riskant. Schwarz legt die Bauernstruktur fest, wonach die weißen
Springer an Bedeutung gewinnen. Außerdem ist der Anziehende eher imstande, die
offene b-Linie zu nutzen.} ({Besser war es, die Spannung im Zentrum
aufrechtzuerhalten:} 13... Na6 14. O-O Nc7 15. Qa4 cxd4 16. Nxd4 Bxd4 17. Qxd4
Ne6 18. Qe5 a6 19. Ba4 d4 20. Rfd1 Qh4 21. exd4 Nf4 22. d5 Qg4 23. Qe4 Rac8 $44
{Raicevic,V-Geller,E/Moscow 1986}) 14. O-O Nd7 15. Rb1 Nb6 16. Ne5 Qe7 $2 {
Diese Damenentwicklung erlaubt den Vormarsch des weißen a-Bauern.} (16... Bxe5
$6 17. dxe5 $14 {/\Qd4}) ({Besser war} 16... Qc7 17. Qh5 (17. Ng4 Be7) 17...
Rab8 $13) 17. Ng4 Bg5 18. a4 $1 $14 a6 19. Bc6 Bxc6 20. Rxb6 Qc7 21. a5 Rfb8
22. Ne5 {Der folgende Abtausch erweist sich als günstig für Weiß.} Rxb6 23.
axb6 Qxb6 24. Qf3 Qc7 25. Nxc6 Qxc6 26. Nxd5 (26. Qxd5 $5 $14) 26... Rc8 27.
Rc1 a5 28. Nc3 Be7 {Schwarz kann zwar das schlechtere Endspiel nicht vermeiden.
Es war jedoch ratsam, die gegnerische Bauernstruktur zu verschlechtern.} (28...
Qd7 29. Qd5) (28... Qxf3 $142 29. gxf3 Be7) 29. Qxc6 Rxc6 30. Kf1 Bb4 31. Ke2
f5 32. Na4 Kf7 ({Oder} 32... Ba3 33. Rc3 Bb4 34. Rc2 Ba3 35. f3 Kf7 36. e4 fxe4
37. fxe4 Ke8 38. Ke3 $16 {/\d5,Kd4}) 33. Nb2 c3 34. Na4 $16 {Triumph der
Blockade! Weiß gewinnt einen der schwarzen Bauern.} Ke6 35. Kd3 Kd5 36. Nxc3+
Bxc3 37. Rxc3 Ra6 38. f3 a4 39. e4+ Ke6 40. Ra3 Kf6 41. Kc4 $18 Ra8 42. Kb5
Rb8+ 43. Kc6 Ra8 44. h4 h5 45. g3 g6 46. Kb5 Rb8+ 47. Kxa4 fxe4 48. fxe4 Rb1
49. Rc3 Rd1 50. Rc6+ Kf7 51. Rd6 Rd3 52. e5 Rxg3 53. Kb5 Rg4 54. d5 Rxh4 55.
Rd7+ Ke8 56. Rg7 Re4 57. e6 h4 58. Kc6 h3 59. Rb7 g5 60. Kd6 Ra4 61. Rg7 Kf8
62. Rf7+ Kg8 63. Rf5 h2 64. e7 Re4 65. Rxg5+ Kf7 66. Rh5 1-0

[Event "Julian Borowski-A 4th"]
[Site "Essen"]
[Date "2002.05.16"]
[Round "1"]
[White "Zvjaginsev, Vadim"]
[Black "Kasimdzhanov, Rustam"]
[Result "1-0"]
[WhiteElo "2645"]
[BlackElo "2674"]
[Annotator "Dautov,R"]
[PlyCount "47"]
[EventDate "2002.05.16"]
[EventType "tourn"]
[EventRounds "9"]
[EventCountry "GER"]
[EventCategory "16"]
[SourceTitle "CBM 090"]
[Source "ChessBase"]
[SourceDate "2002.09.20"]
[SourceVersion "1"]
[SourceVersionDate "2002.09.20"]
[SourceQuality "1"]

1. d4 Nf6 2. c4 e6 3. Nc3 d5 4. Bg5 Be7 5. Nf3 h6 6. Bh4 O-O 7. e3 b6 8. Be2
Bb7 9. Bxf6 Bxf6 10. cxd5 exd5 11. b4 c6 12. O-O a5 13. b5 c5 14. Ne5 {Dieser
Springerausfall, vor einem halben Jahr zuerst in der Partie Onischuk-Rychagov
erprobt, bereitet Schwarz seitdem einige Kopfschmerzen.} Qc7 (14... Bxe5 15.
dxe5 d4 16. exd4 cxd4 17. Na4 Qg5 $1 (17... Ra7 $6 18. f4 Qd5 19. Rf2 Nd7 20.
Rc1 Rc8 21. Rxc8+ Bxc8 22. Qc2 Bb7 23. Bc4 Qe4 24. Qxe4 Bxe4 25. Rd2 $16 {
Khalifman,A-Beliavsky,A/Moscow 2002}) 18. Bg4 Qxe5 19. Nxb6 Ra7 20. Rb1 Be4 21.
Re1 f5 22. Bf3 Kh8 23. Nc4 Qc5 24. Bxe4 fxe4 25. Nd2 e3 $11 {, und Schwarz
konnte ausgleichen, Onischuk,A-Vaganian,R/Poikovsky 2002.}) 15. Ng4 Be7 {
Kasimdzhanov folgt der Stammpartie.} (15... Nd7 16. Bf3 Rad8 17. Nxd5 Bxd5 18.
Bxd5 cxd4 19. Rc1 Qd6 20. e4 Nc5 21. Rc4 d3 22. f4 $14) 16. Bf3 Rd8 17. Rc1 Ra7
$146 {Erst hier weicht Schwarz ab.} ({In der Stammpartie gewann Weiß mit Hilfe
eines unklaren Figurenopfers:} 17... c4 18. Ne5 Bb4 19. Nxd5 $5 Bxd5 20. Bxd5
Rxd5 21. Rxc4 Qd8 22. Qf3 Rxe5 $2 (22... Ra7 $1 23. Rfc1 Ba3 $1 $15) 23. Qxa8
$16 {Onischuk,A-Rychagov,A/Moscow 2002}) 18. Ne5 Qd6 19. Bg4 {Ein Mehrzweckzug.
Weiß bereitet die zweite Stütze für den Springer e5, f2-f4, vor und verhindert
die Entwicklung Nb8-d7.} Ba8 (19... Bc8 $2 20. Bxc8 Rxc8 21. Qf3 $16) 20. Na4
Rc7 21. Qc2 Bb7 22. f4 c4 23. Nc3 f6 $4 {Dieser Schnitzer beendet die Partie
abrupt. Dabei hatte Schwarz eine etwas schlechtere, aber durchaus haltbare
Stellung.} ({Nach z.B.} 23... Bc8 24. Bf3 (24. Bxc8 Rcxc8 $11) 24... Bb7 $14 {
müßte Weiß dauernd mit der Entwicklungsmöglichkeit Nb8-d7 rechnen.}) 24. Qg6 $1
{Angesichts der zahlreichen Drohungen (Bf5, Qf7, Nf7) ist Schwarz hilflos.} (
24. Qg6 fxe5 (24... Bf8 25. Bf5 fxe5 26. Qh7+ Kf7 27. fxe5 $18) 25. Be6+ Kh8
26. fxe5 Qa3 27. Bf5 $18) 1-0

[Event "North Sea Cup 17th"]
[Site "Esbjerg"]
[Date "2002.07.10"]
[Round "6"]
[White "Hansen, Curt"]
[Black "Bruzon Batista, Lazaro"]
[Result "1/2-1/2"]
[WhiteElo "2625"]
[BlackElo "2595"]
[Annotator "Dautov,R"]
[PlyCount "126"]
[EventDate "2002.07.05"]
[EventType "tourn"]
[EventRounds "9"]
[EventCountry "DEN"]
[EventCategory "14"]
[SourceTitle "CBM 091"]
[Source "ChessBase"]
[SourceDate "2002.11.12"]
[SourceVersion "1"]
[SourceVersionDate "2002.11.12"]
[SourceQuality "1"]

1. d4 d5 2. c4 e6 3. Nc3 Nf6 4. Bg5 Be7 5. Nf3 O-O 6. e3 h6 7. Bh4 b6 8. Be2
Nbd7 $6 {Dieser Zug ist ungenau, Weiß erreicht mühelos einen langfristigen
Vorteil. Vorzuziehen ist 8...Bb7.} (8... Bb7 $142) 9. cxd5 Nxd5 10. Bxe7 Qxe7
11. Nxd5 exd5 12. Rc1 Qb4+ (12... Qd6 13. Qa4 Bb7 14. O-O c5 15. Qa3 Rfc8 16.
Rfd1 Nf6 17. Ne1 Rc6 18. b3 Ne4 {Jaeger,F-Romsdal,T/Tromsoe 1997} 19. Nd3 $14)
(12... c5 13. dxc5 Nxc5 14. O-O $14) 13. Qd2 Qd6 (13... Qxd2+ 14. Kxd2 c5 15.
b3 a5 16. Rhd1 Ba6 17. Bxa6 Rxa6 18. Ke1 $16 {Gomez Esteban,J-Matsuura,T/
Manila 1992}) 14. b4 $1 (14. O-O c5 15. b3 Bb7 $11) 14... c6 (14... Nf6 15. b5
$14) 15. O-O a5 16. b5 (16. a3 axb4 17. axb4 Ba6 $11) 16... c5 17. dxc5 Nxc5 (
17... bxc5 18. Rfd1 Bb7 19. Qc3 Rfc8 20. Ne1 $14 {/\Bf3}) 18. Rfd1 Bb7 19. Nd4
$14 {[%csl Rc6] Weiß steht zweifelsohne besser, der Isolani d5 und das Feld c6
im schwarzen Lager sind schwach. Sein Plan ist nicht schwer zu erraten - das
Eindringen Nd4-c6 nach entsprechender Vorbereitung (Qb2, Bf3).} Ne4 20. Qb2 Qf6
21. Bg4 Qe5 22. Qa3 ({Mehr verspricht m.E.} 22. Qc2 $5 {/\Qc7} Nc5 23. Nc6 Bxc6
24. bxc6 Rad8 25. Qf5 Qc7 26. Bf3 Qxc6 27. Bxd5 $14) 22... Rad8 23. h3 (23. Nc6
Bxc6 24. bxc6 (24. Rxc6 d4 $1 $132) 24... Qc7 $14) 23... Nf6 24. Nc6 Bxc6 25.
bxc6 Qc7 26. Be2 Rd6 27. Bb5 Rfd8 28. Qb2 Ne4 29. Qe5 Nf6 {Trotz des optisch
großen weißen Vorteils ist die schwarze Festung nicht leicht einzunehmen.} (
29... Nxf2 $2 30. Rxd5 $16) 30. a4 Re8 31. Qf5 Re7 32. Rc2 Rde6 33. Qf3 Re8 34.
Rd4 R8e7 35. Qd1 Kf8 36. Qb1 Kg8 37. Rcd2 Rd6 38. R2d3 Re8 39. Qd1 Re7 40. Qc1
(40. f3 Rde6 $14) 40... Kf8 41. h4 Kg8 42. Qd1 h5 43. g3 g6 44. Kg2 Kh7 45. Rf4
Ree6 46. Rdd4 Kg8 47. Qb3 Qd8 48. Qc2 Qc7 49. Qa2 Qd8 50. Rd3 Qc7 51. Rfd4 Kf8
52. Qa1 Kg8 53. Qb2 Re7 54. Rd1 Ree6 55. Qb1 Kf8 56. R1d3 Kg8 57. Qd1 Qe7 58.
Rc3 Qc7 59. Rf4 Kh7 60. Rc2 Kg8 61. Rd4 Kf8 62. Qf3 Re7 63. Qd1 Ree6 1/2-1/2